000 01143nam a2200229Ia 4500
003 Ost
005 20260507075550.0
008 260507s9999||||xx |||||||||||||| ||und||
020 _a9773790118
040 _cfsecg
041 _aara
082 _a342.04
100 _aحسين، محمد بكر
_eمؤلف
245 0 _aمسؤلية الادارة عن أعمال موظفيها :
_bدراسة مقارنة /
_c محمد بكر حسين
260 _aالقاهرة:
_bدار الفكر الجامعي,
_c2006
300 _a240 صفحة؛
_bإيضاحات ؛
_c24 سم
504 _aبيبليوغرافيا: ص ص.225-237
520 _aيضم نشأة مبدأ مسؤولية الإدارة وتطوره، شروط مسؤولية الإدارة عن أعمال موظيفيها، مبدأ مسؤولية الإدارة، الأعمال التي تعقد مسؤولية الإدارة، نظرية المخاطر كأساس لمسؤولية الإدارة، أركان المسؤولية الإدارية، جزاء المسؤولية
653 _aالادارة
653 _aالمسؤولية الإدارية
942 _cكتاب
999 _c44908
_d44908